LotR: May it be - Statistics

General Stats
  • This quiz has been taken 30 times
    21 since last reset
  • The average score is 11 of 16
Answer Stats
Answer % Correct
Oh! How far you are from {home}
92%
May it be an evening {star}
85%
You walk a {lonely} road
85%
May it be when {darkness} falls
77%
You may rise to find the {Sun}
77%
Shines down upon {you}
69%
Your heart will be {true}
69%
{Believe} and you will find your way
62%
May it be the {shadows} call
62%
Mornie {utulie} (darkness has come)
62%
To {light} the day
62%
Will fly {away}
62%
A {promise} lives within you now
54%
May it be your {journey} on
54%
Mornie {alantie} (darkness has fallen)
46%
When the night is {overcome}
46%
No matching quizzes found
Score Distribution
Percent of People with Each Score
Percentile by Number Answered
Your Score History
You have not taken this quiz since the last reset